<?xml version="1.0" encoding="UTF-8"?>
<record
    xmlns:xsi="http://www.w3.org/2001/XMLSchema-instance"
    xsi:schemaLocation="http://www.loc.gov/MARC21/slim http://www.loc.gov/standards/marcxml/schema/MARC21slim.xsd"
    xmlns="http://www.loc.gov/MARC21/slim">

  <leader>01248nam a22002651  4500</leader>
  <controlfield tag="001">28362</controlfield>
  <controlfield tag="003">BD-RjUL</controlfield>
  <controlfield tag="005">20211209051255.0</controlfield>
  <controlfield tag="008">140330s1963    ru c          100 0 eng</controlfield>
  <datafield tag="035" ind1=" " ind2=" ">
    <subfield code="a">(BD-RjUL)28443</subfield>
  </datafield>
  <datafield tag="040" ind1=" " ind2=" ">
    <subfield code="a">DLC</subfield>
    <subfield code="c">DLC</subfield>
    <subfield code="d">DLC</subfield>
    <subfield code="d">BD-RjUL</subfield>
    <subfield code="b">eng</subfield>
  </datafield>
  <datafield tag="041" ind1="1" ind2=" ">
    <subfield code="a">engrus</subfield>
  </datafield>
  <datafield tag="082" ind1=" " ind2=" ">
    <subfield code="a">320.9470841</subfield>
    <subfield code="b">LER 1963</subfield>
  </datafield>
  <datafield tag="100" ind1="1" ind2=" ">
    <subfield code="a">Lenin, Vladimir Il&#x2B9;ich,</subfield>
    <subfield code="d">1870-1924.</subfield>
    <subfield code="9">86859</subfield>
  </datafield>
  <datafield tag="245" ind1="1" ind2="0">
    <subfield code="a">Report on peace :</subfield>
    <subfield code="b">delivered at the Second All-Russian Congress of Soviets of Workers' and Soldiers' Deputies, October 26 (November 8), 1917, Home and foreign policy of the Republic, report of the All-Russian Central Executive Committee and the Council of People's Commissars to the Ninth All-Russian Congress of Soviets, December 23, 1921 /</subfield>
    <subfield code="c">Vladimir Il&#x2B9;ich Lenin.</subfield>
  </datafield>
  <datafield tag="260" ind1=" " ind2=" ">
    <subfield code="a">Moscow :</subfield>
    <subfield code="b">Foreign Languages Pub. House,</subfield>
    <subfield code="c">1963.</subfield>
  </datafield>
  <datafield tag="300" ind1=" " ind2=" ">
    <subfield code="a">290 p. :</subfield>
    <subfield code="b">ill., port. ;</subfield>
    <subfield code="c">21 cm.</subfield>
  </datafield>
  <datafield tag="651" ind1=" " ind2="0">
    <subfield code="a">Soviet Union</subfield>
    <subfield code="x">Politics and government</subfield>
    <subfield code="y">1917-1936.</subfield>
    <subfield code="9">86860</subfield>
  </datafield>
  <datafield tag="651" ind1=" " ind2="0">
    <subfield code="a">Soviet Union</subfield>
    <subfield code="x">Foreign relations</subfield>
    <subfield code="y">1917-1945.</subfield>
    <subfield code="9">86861</subfield>
  </datafield>
  <datafield tag="740" ind1=" " ind2=" ">
    <subfield code="a">Home and foreign policy of the Republic.</subfield>
  </datafield>
  <datafield tag="942" ind1=" " ind2=" ">
    <subfield code="2">ddc</subfield>
    <subfield code="c">BK</subfield>
  </datafield>
  <datafield tag="999" ind1=" " ind2=" ">
    <subfield code="c">28362</subfield>
    <subfield code="d">28362</subfield>
  </datafield>
  <datafield tag="952" ind1=" " ind2=" ">
    <subfield code="0">0</subfield>
    <subfield code="1">0</subfield>
    <subfield code="2">ddc</subfield>
    <subfield code="4">0</subfield>
    <subfield code="7">2</subfield>
    <subfield code="8">NFIC</subfield>
    <subfield code="a">RUCL</subfield>
    <subfield code="b">RUCL</subfield>
    <subfield code="c">Reading</subfield>
    <subfield code="d">1977-05-04</subfield>
    <subfield code="e">W. Heffer and Sons</subfield>
    <subfield code="g">0.37</subfield>
    <subfield code="l">0</subfield>
    <subfield code="o">320.9470841 LER 1963</subfield>
    <subfield code="r">2014-03-30 00:00:00</subfield>
    <subfield code="t">C-1</subfield>
    <subfield code="w">2014-03-30</subfield>
    <subfield code="y">BK</subfield>
  </datafield>
</record>
